| 000 | 02490nam a2200229 i 4500 | ||
|---|---|---|---|
| 001 | 42999 | ||
| 003 | ES-MaACL | ||
| 007 | t| | ||
| 008 | 030314m19521972sp ||||1| spa d | ||
| 100 | 1 |
_aCastro, José Ramón. _936868 |
|
| 245 | 1 | 0 |
_aCatálogo de la Sección de comptos... / _cpor José Ramón Castro, Florencio Idoate. |
| 260 |
_aPamplona : _bAramburu, _c1952-1972. |
||
| 300 |
_a50 t. ; _c25 cm. |
||
| 490 | 1 | _aCatálogo del Archivo General de Navarra | |
| 500 | _aPrecede al tít.: Archivo General de Navarra. | ||
| 505 | 8 | _aContiene: T. I: Años: 842-1331. -- T. II: Años: 1332-1357. -- T. III: Años: 1358-1361. -- T. IV: Años: 1362-1363. -- T. V: Años: 1364-1365. -- T. VI: Años: 1366-1367. Adiciones: 1303-1365. -- T. VII: Años: 1368-1369. -- T. VIII: Años: 1370-1397-1372. -- T. IX: Años 1373-1374-1375. -- T. X: Años: 1376-1377. -- T. XI: Años: 1378. Adiciones: 1355-1377. -- T. XII: Años: 1379. -- T. XIII: Años: 1380-1381. -- T. XIV: Años: 1382-1383. Adiciones: 1361-1383. -- T. XV: Años: 1384-1385. -- T. XVI: Años: 1386-1387. -- T. XVII: Años: 1388-1389-1390. -- T. XVIII: Años: 1391. Adiciones: 1341-1390. -- T. XIX: Años: 1392. -- T. XX: Años: 1393-1394. -- T. XXI: Años: 1395-1396. -- T. XXII: Años: 1397-1398. -- T. XXIII: Años: 1399-1400. -- T. XXIV: Años: 1401. Adiciones: 1385-1400. -- T. XXV: Años: 1402-1043-1404. -- T. XXVI: Años: 1405-1406. -- T. XXVII: Años: 1407-1408. -- T. XVIII: Años: 1409-1411. -- T. XXIX: Años: 1412. -- T. XXX: Años: 1413. -- T. XXXI: Años: 1414-1415. -- T. XXXII: Años: 1416-1418. -- T. XXXIII: Años: 1419-1421. -- T. XXXIV: Años: 1422. -- T. XXXV: Años: 1423. -- T. XXXVI: Años: 1424-1425. Adiciones: 1330-1423. -- T. XXXVII: Años: 1425-1428. -- T. XXXVIII: Años: 1429. Adiciones: 1388-1428. -- T. XXXIX: Años: 1430. -- T. XL: Años: 1431-1432. Adiciones: 1406-1430. -- T. XLI: Años: 1433-1434. T. XLII: Años: 1435-1436. Adiciones: 1433-1434. -- T. XLIII: Años: 1437-1438. Adiciones: 1412-1436. -- T. XLIV: Años: 1439-1440. Adiciones: 1402-1438. -- T. XLV: Años: 1441-1443. -- T. XLVI: Años: 1444-1450. -- T. XLVII: Años: 1451-1460. -- T. XLVIII: Años: 1461-1499. -- T. XLIX: Años: 1500-1780. Adiciones: 1092-1573. -- T. L: Años: 1092-1618. Adiciones: 1361-1412 | |
| 700 | 1 |
_aIdoate, Florencio. _965049 |
|
| 710 | 2 |
_aArchivo General de Navarra. _91436 |
|
| 830 | 0 |
_aCatálogo del Archivo General de Navarra _9229852 |
|
| 852 |
_aES-MaACL _jJ-15 _bR.47874 |
||
| 999 |
_c42999 _d42999 |
||